| 000 | 00851nam a2200265 a 4500 | ||
|---|---|---|---|
| 001 | 70522 | ||
| 003 | BD-RjUL | ||
| 005 | 20211209082018.0 | ||
| 008 | 170418s1955 nyua b 001 0 eng d | ||
| 035 | _a(BD-RjUL)70736 | ||
| 040 |
_aDLC _cDLC _beng _dBD-RjUL |
||
| 041 | _aeng | ||
| 082 | 0 | 0 |
_a515.243 _223 _bBRI 1955 |
| 100 | 1 |
_aBromwich, Thomas John I'Anson, _d1875-1929. _9208748 |
|
| 245 | 1 | 3 |
_aAn introduction to the theory of infinite series / _cby T.J. I'a. Bromwich & T.M. Macrobert |
| 250 | _a2nd ed. | ||
| 260 |
_aNew York : _bMacmillan & Co., _c1955. |
||
| 300 |
_axv, 535 p. : _bill. ; _c24 cm. |
||
| 500 | _aSpine title: Infinite series. | ||
| 504 | _aIncludes bibliographical references and indexes. | ||
| 650 | 0 |
_aSeries, Infinite. _9152435 |
|
| 700 |
_aMacrobert, T.M. _9208749 |
||
| 942 |
_2ddc _cBK |
||
| 999 |
_c70522 _d70522 |
||